<?xml version="1.0" encoding="UTF-8"?><?xml-stylesheet type="text/xsl" href="static/style.xsl"?><OAI-PMH xmlns="http://www.openarchives.org/OAI/2.0/" xmlns:xsi="http://www.w3.org/2001/XMLSchema-instance" xsi:schemaLocation="http://www.openarchives.org/OAI/2.0/ http://www.openarchives.org/OAI/2.0/OAI-PMH.xsd"><responseDate>2026-04-13T18:25:33Z</responseDate><request verb="GetRecord" identifier="oai:www.recercat.cat:2072/422489" metadataPrefix="marc">https://recercat.cat/oai/request</request><GetRecord><record><header><identifier>oai:recercat.cat:2072/422489</identifier><datestamp>2025-04-13T20:11:58Z</datestamp><setSpec>com_2072_98</setSpec><setSpec>col_2072_378196</setSpec></header><metadata><record xmlns="http://www.loc.gov/MARC21/slim" xmlns:dcterms="http://purl.org/dc/terms/" xmlns:xsi="http://www.w3.org/2001/XMLSchema-instance" xmlns:doc="http://www.lyncode.com/xoai" xsi:schemaLocation="http://www.loc.gov/MARC21/slim http://www.loc.gov/standards/marcxml/schema/MARC21slim.xsd">
   <leader>00925njm 22002777a 4500</leader>
   <datafield ind2=" " ind1=" " tag="042">
      <subfield code="a">dc</subfield>
   </datafield>
   <datafield ind2=" " ind1=" " tag="720">
      <subfield code="a">Martín Rivas, Francisco</subfield>
      <subfield code="e">author</subfield>
   </datafield>
   <datafield ind2=" " ind1=" " tag="720">
      <subfield code="a">Universitat Autònoma de Barcelona. Facultat de Filosofia i Lletres</subfield>
      <subfield code="e">author</subfield>
   </datafield>
   <datafield ind2=" " ind1=" " tag="260">
      <subfield code="c">2019</subfield>
   </datafield>
   <datafield ind2=" " ind1=" " tag="520">
      <subfield code="a">Desarrollo de una aplicación móvil híbrida capaz de geolocalizar y registrar las rutas que recorren los usuarios en la ciudad de Barcelona, además de, en diferentes escenarios, mostrar un formulario acerca de las sensaciones que le transmite al usuario el espacio público en el cual se encuentra. A modo de herramienta de monitorización y explotación de datos se ha desarrollado también una aplicación web de escritorio, capaz de visualizar, explotar e incluso descargar directamente toda la información almacenada en la base de datos.</subfield>
   </datafield>
   <datafield ind2=" " ind1=" " tag="520">
      <subfield code="a">Desenvolupament d'una aplicació mòbil híbrida capaç de geolocalitzar i registrar les rutes que recorren els usuaris a la ciutat de Barcelona, ​​a més de, en diferents escenaris, mostrar un formulari sobre les sensacions que li transmet a l'usuari l'espai públic en el qual es troba . A mode d'eina de monitorització i explotació de dades s'ha desenvolupat també una aplicació web d'escriptori, capaç de visualitzar, explotar i fins i tot descarregar directament tota la informació emmagatzemada a la base de dades.</subfield>
   </datafield>
   <datafield ind2=" " ind1=" " tag="520">
      <subfield code="a">Development of a mobile progressive web app capable of geolocating and registering the routes that users walk in the city of Barcelona, ​​as well as displaying a form about the users feelings in the public space they are located at. As a tool for data monitoring it has also been developed a desktop web application capable of displaying and even downloading all the information stored in the database.</subfield>
   </datafield>
   <datafield tag="653" ind2=" " ind1=" ">
      <subfield code="a">Telèfons intel·ligents</subfield>
   </datafield>
   <datafield tag="653" ind2=" " ind1=" ">
      <subfield code="a">Aplicacions mòbils</subfield>
   </datafield>
   <datafield tag="653" ind2=" " ind1=" ">
      <subfield code="a">Geolocalització, Serveis de</subfield>
   </datafield>
   <datafield tag="653" ind2=" " ind1=" ">
      <subfield code="a">Sistemes d'informació geogràfica</subfield>
   </datafield>
   <datafield tag="653" ind2=" " ind1=" ">
      <subfield code="a">Percepció de l'espai -- Barcelona (Catalunya : Àrea metropolitana)</subfield>
   </datafield>
   <datafield tag="653" ind2=" " ind1=" ">
      <subfield code="a">Espais públics</subfield>
   </datafield>
   <datafield tag="653" ind2=" " ind1=" ">
      <subfield code="a">Vida urbana</subfield>
   </datafield>
   <datafield tag="653" ind2=" " ind1=" ">
      <subfield code="a">Sociologia urbana</subfield>
   </datafield>
   <datafield tag="653" ind2=" " ind1=" ">
      <subfield code="a">Geografia -- Processament de dades</subfield>
   </datafield>
   <datafield ind2="0" ind1="0" tag="245">
      <subfield code="a">Desarrollo de una tecnología Smartphone para el estudio del uso y la percepción del espacio público</subfield>
   </datafield>
</record></metadata></record></GetRecord></OAI-PMH>